| 000 | 00462nam a2200181Ia 4500 | ||
|---|---|---|---|
| 008 | 170203s9999 xx 000 0 und d | ||
| 020 | _a9789719364399 | ||
| 050 | _a383.166 | ||
| 050 | _b.C697 2011 | ||
| 245 | _aCollege Entrance Test Reviewer : | ||
| 245 | _bScience Chemistry / | ||
| 245 | _cLoyola Student Center. | ||
| 260 | _aQuezon City : | ||
| 260 | _bLoyola Heights Student Center | ||
| 260 | _c2011 | ||
| 300 | _a92 pages : | ||
| 300 | _c27 cm. | ||
| 999 |
_c305455 _d305455 |
||